000
00294nam a2200133Ia 4500
008
231129s1964||||xx |||||||||||||| ||spa||
040
_b
spa
082
_a
E863 R934u
100
_a
Ruiz Roberto
245
0
_a
El ultimo oasis
260
_c
1964
264
_a
Joaquin Mortiz
942
_2
ddc
_c
BKS
999
_c
12614
_d
12614